Numery kierunkowe w Polsce - Statystyki

Ogólne statystyki
  • Ten quiz został rozwiązany 848 razy
  • Średni wynik to 18 z 49
Statystyki odpowiedzi
Numer kierunkowy Miasto % Poprawnych
12 Kraków
71%
22 Warszawa
69%
32 Katowice
47%
17 Rzeszów
47%
14 Tarnów
47%
13 Krosno
45%
42 Łódź
44%
18 Nowy Sącz
43%
61 Poznań
43%
16 Przemyśl
42%
91 Szczecin
42%
71 Wrocław
42%
24 Płock
41%
34 Częstochowa
40%
58 Gdańsk
40%
33 Bielsko-Biała
38%
15 Tarnobrzeg
38%
52 Bydgoszcz
37%
81 Lublin
37%
41 Kielce
36%
29 Ostrołęka
36%
25 Siedlce
36%
85 Białystok
35%
94 Koszalin
35%
77 Opole
35%
75 Jelenia Góra
34%
44 Piotrków Trybunalski
34%
48 Radom
34%
56 Toruń
33%
74 Wałbrzych
33%
23 Ciechanów
32%
95 Gorzów Wielkopolski
31%
62 Kalisz
31%
76 Legnica
31%
63 Konin
30%
68 Zielona Góra
30%
82 Chełm
29%
89 Olsztyn
29%
67 Piła
29%
43 Sieradz
29%
46 Skierniewice
29%
87 Suwałki
29%
54 Włocławek
29%
84 Zamość
29%
83 Biała Podlaska
28%
65 Leszno
28%
59 Słupsk
28%
86 Łomża
27%
55 Elbląg
26%
Nie znaleziono quizów pasujących do podanych kryteriów
Rozkład punktacji
Procent ludzi z każdym wynikiem
Percentyl według liczby udzielonych odpowiedzi
Twoja historia wyników
Nie rozwiązałeś tego quizu